| 000 | 00564nam a2200241 a 4500 | ||
|---|---|---|---|
| 001 | nice12345678 | ||
| 003 | IN_TiNIC | ||
| 005 | 20260116012359.0 | ||
| 008 | 050524s1914 mada grp 000 0 eng | ||
| 020 |
_a _c100 |
||
| 082 | 0 | 0 |
_a239.9 _bTAK |
| 100 | _aTakle, J | ||
| 245 | _aStraight Path | ||
| 260 |
_aMadras _bChristian Literature Society _c1914 |
||
| 300 | _a87p | ||
| 500 | _aincludes index and biblioraphy | ||
| 505 | 2 | _aIndex, Bibliography | |
| 650 | _aApologetics | ||
| 700 | 1 | _aTakle, J | |
| 902 | _bSRS | ||
| 942 | _cBK | ||
| 999 |
_c6785 _d6785 |
||